00601nam a2200181Ia 4500003000900000008004100009040001600050080001700066100002300083245013900106260003500245300001400280490003300294650002700327650002100354650001900375700002500394IN-BaIIA211028s9999 xx 000 0 eng d cIIA Library a517.926bMAS aMassera, Jose Luis 0aLinear differential equations and function spacescJose Luis Massera and Juan Jorge Schaffer  aNew YorkbAcademic Pressc1966 axx, 404p. aPure and applied mathematics aDifferential equations aLinear equations aNASA Thesaurus aSchaffer, Juan Jorge